000 00717nam a2200253Ia 4500
003 OSt
005 20220918174837.0
006 a|||||r|||| 00| 0
007 ta
008 220917b |||||||| |||| 00| 0 eng d
024 _a14,399
037 _cTextual
040 _aARTS
_cARTS
_beng
041 _2eng
_aeng
082 _aNT53,N,691, J8-;1
100 _aArtaud Antonin
_951968
245 0 _aTheater and its double tr from the French by Mary Caroline Richards
260 _aNew York
_bGrove Press
_c1958
300 _a159p. illus
_ccm.
500 _aOriginally published in 1938
650 _aARTS
942 _hNT53,N,691, J8-;1
_cTEXL
_2CC
999 _c154947
_d154947